000 00657nam a22001937a 4500
999 _c190698
_d190698
005 20220803105540.0
010 _aENG-134184
020 _a9789391373801
_c550.00
035 _aEN-117716
037 _bDBAD/PUB
082 _a631.584
245 _aSustainable Agriculture for Doubling Income and Rural Livelihoods/
_cedited by Santosh Kumar Samantaray;C.Thatchinamoorthy and P.Mareeswaran
260 _aTamil Nadu
_bShanlax Publications
_c2021
270 _aVasantha Nagar,Madurai,
_bTamil Nadu
_e625003
300 _a121p..
_c22cm(pbk)
700 _aThatchinamoorthy,C.
700 _aMareeswaran,P.
942 _2ddc
_cEN
_h631.584
_mSUS